| 000 | 00462 a2200157 4500 | ||
|---|---|---|---|
| 005 | 20250430085556.0 | ||
| 020 | _a0-201-15747-0 | ||
| 082 | _a658 .18 DAN | ||
| 100 | _aDANIELS, J. D. | ||
| 245 | _aInternational Business : Environments and Operations. | ||
| 250 | _a5th Ed. | ||
| 260 |
_aNew York, _bAddison- Wesley publishing company, _c1989. |
||
| 300 |
_axix,730p.:Ill.;figures _bGlossary & Index _c25cm. |
||
| 700 | _aRADEBAUGH, L. H. | ||
| 942 |
_2ddc _cBKS |
||
| 999 |
_c1809 _d1809 |
||